Libro primero -[segundo], vida exemplar de la venerable madre Gregoria Francisca de Santa Teresa, carmelita descalza en el Convento de Sevilla... en el siglo doña Gregoria Francisca de la Parra Queinoge / (Record no. 166536)
[ view plain ]
| 000 -LEADER | |
|---|---|
| campo de control de longitud fija | 01263nam a22002175i 4500 |
| 001 - NÚMERO DE CONTROL | |
| campo de control | 166536 |
| 003 - IDENTIFICADOR DE NÚMERO DE CONTROL | |
| campo de control | ES-MaACL |
| 005 - FECHA Y HORA DE LA ÚLTIMA TRANSACCIÓN | |
| campo de control | 20250905163235.0 |
| 008 - DATOS DE LONGITUD FIJA--INFORMACIÓN GENERAL | |
| campo de control de longitud fija | 940202s1798 sp |||| | spa d |
| 100 1# - ENTRADA PRINCIPAL--NOMBRE DE PERSONA | |
| Nombre de persona | Torres Villarroel, Diego de, |
| Fechas asociadas al nombre | 1693-1770 |
| 9 (RLIN) | 111026 |
| 245 10 - MENCIÓN DEL TÍTULO | |
| Título | Libro primero -[segundo], vida exemplar de la venerable madre Gregoria Francisca de Santa Teresa, carmelita descalza en el Convento de Sevilla... en el siglo doña Gregoria Francisca de la Parra Queinoge / |
| Mención de responsabilidad, etc. | escrita por el Dr. D. Diego de Torres Villarroel ... ; tomo XII-[XIII]. |
| 260 ## - PUBLICACIÓN, DISTRIBUCIÓN, ETC. | |
| Lugar de publicación, distribución, etc. | Madrid : |
| Nombre del editor, distribuidor, etc. | en la Imprenta de la Viuda de Ibarra, |
| Fecha de publicación, distribución, etc. | 1798. |
| 300 ## - DESCRIPCIÓN FÍSICA | |
| Extensión | 2 v. ([18], 341 p. ; 349 p, [3] en bl.) ; |
| Dimensiones | 8º. |
| 530 ## - NOTA DISPONIBLE DE FORMULARIO FÍSICO ADICIONAL | |
| Nota de formato físico adicional disponible | Disponible en formato digital. |
| 595 ## - | |
| -- | Según Francisco Aguilar Piñal, la ed. de la Viuda de Ibarra, 1794-1799, supone la 2ª ed. de las Obras completas de Diego de Torres Villarroel, en 15 v., que carecen de título genérico. |
| 597 ## - NOTA DE DESCRIPCIÓN FÍSICA | |
| NOTA DE DESCRIPCIÓN FÍSICA | Sign.:Sign.: A-Y8, Z4 ; A-Y8. |
| 600 04 - PUNTO DE ACCESO ADICIONAL DE MATERIA--NOMBRE DE PERSONA | |
| Nombre de persona | Gregoria Francisca de Santa Teresa |
| Títulos y otros términos asociados al nombre | (O.C.D.), |
| Fechas asociadas al nombre | 1653-1736 |
| 9 (RLIN) | 171453 |
| 852 ## - LOCALIZACIÓN | |
| Ubicación | ES-MaACL |
| Número de control de estantería | R-2218-19 |
| Nota libre | - Enc. pasta española |
| 856 ## - LOCALIZACIÓN Y ACCESO ELECTRÓNICOS | |
| Identificador Uniforme de Recursos | <a href="http://bdh-rd.bne.es/viewer.vm?id=0000014247&page=1 ">http://bdh-rd.bne.es/viewer.vm?id=0000014247&page=1 </a> |
| Nota pública | Biblioteca Digital Hispánica |
| Estatus retirado | Estado de pérdida | Estado de daño | No para préstamo | Colección | Biblioteca de origen | Biblioteca actual | Ubicación en estantería | Fecha de adquisición | Fuente de adquisición | Total de préstamos | Signatura topográfica completa | Código de barras | Visto por última vez | Precio de reemplazo | Tipo de ítem Koha |
|---|---|---|---|---|---|---|---|---|---|---|---|---|---|---|---|
| Colección digital | Biblioteca del Ateneo de Madrid | Biblioteca del Ateneo de Madrid | Depósito | 17/01/2008 | R-2218 | 1174666 | 23/02/2023 | 23/02/2023 | Libro impreso antiguo |
